| 000 | 00339nam a22001337a 4500 | ||
|---|---|---|---|
| 008 | 181005b xxu||||| |||| 00| 0 eng d | ||
| 020 | _a9027727430 | ||
| 041 | _aeng | ||
| 080 | _a101 | ||
| 100 | _a24 | ||
| 101 | _aFIL | ||
| 245 |
_aMetaphysics and Philosophy of Science in the 17th and 18th Centuries _cWoolhouse, R.S |
||
| 942 |
_2udc _cBK |
||
| 999 |
_c48882 _d48882 |
||